00273nam a2200109Ia 4500008004100000100001300041245004200054260003600096300000900132942000700141999001500148190216s9999||||xx |||||||||||||| ||und|| aGoel S L 0aModernizing Administrative Management bAllied Publishers Limitedc1981 a264p cBK c4881d4881